| 000 | 00418cam a22001337a 4500 | ||
|---|---|---|---|
| 008 | 180718b2004 xxu||||| |||| 00| 0 eng d | ||
| 082 | _aQ31x54 In2/13 | ||
| 100 | _aNath, N.C.B. | ||
| 245 |
_aPolitical perspectives to chronic poverty _cby N.C.B. Nath |
||
| 260 |
_aNew Delhi _bIndian Institute of Public Administration _c2004 |
||
| 300 | _a38p. | ||
| 440 | _aCPRC-IIPA working paper; no. 13 | ||
| 650 | _aPoverty - India | ||
| 999 |
_c493066 _d493066 |
||